Missa quinque voc:

Saved in:
நூற்பட்டியல் விவரங்கள்
தலைமை எழுத்தாளர்: Regnart, Jacob, approximately 1540-1599.
குழும எழுத்தாளர்: Bayerische Staatsbibliothek.
வடிவம்: இசை மதிப்பெண்கள்
மொழி:German
வெளியீடப்பட்டது: [15--]
பகுதிகள்:
குறியீடுகள்: குறிச்சொல் இணை
குறியீடுகள் இல்லை, இந்த குறிச்சொல்லை முதலில் பதிவு செய்யுங்கள்!
LEADER 00709ndm a2200217 4500
001 007730596-5
005 20020606104010.5
008 980310s15uu xx msa| a nn| ger d
035 0 |a ocm39015654 
040 |a MH-Mu  |c MH-Mu 
100 1 |a Regnart, Jacob,  |d approximately 1540-1599. 
240 1 0 |a Christ ist erstanden 
245 0 0 |a Missa quinque voc:  |c Author: Jacobus Regnardus. Super: Christ ist erstanden. 
260 |c [15--] 
300 |a Ms. score ([1 v.]) 
500 |a Manuscript. Original in the Bayerische Staatsbibliothek, München (D Mbs). 
650 0 |a Masses  |x Scores. 
650 0 |a Music  |x Manuscripts. 
710 2 |a Bayerische Staatsbibliothek.  |k Manuscript.  |n Mus. ms. 62. 
988 |a 20020608 
906 |0 MH